| 000 | 01277nam0a22003011 4500 | ||
|---|---|---|---|
| 001 | v19\rc\1781380 | ||
| 005 | 20250619073526.0 | ||
| 035 | _a(NLR Aleph) 004875413 | ||
| 090 |
_a5127353 _c5127353 |
||
| 100 | _a20061204d1904 |||y0rusy50 ca | ||
| 101 | 0 | _arus | |
| 102 | _aRU | ||
| 105 | _ay z ||||| | ||
| 200 | 1 |
_aВлияние гваякола на кровь при накожном его применении _eДис. на степ. д-ра мед. П.А. Опимахова _fИз Акад. терапевт. клиники проф. С.С. Боткина |
|
| 210 |
_aСанкт-Петербург _cтип. А.В. Орлова _d1904 |
||
| 215 |
_a[4], 154 с. _d21 |
||
| 225 | 1 |
_aСерия докторских диссертаций, допущенных к защите в Военно-медицинской академии в 1903-1904 учебном году _v№ 50 |
|
| 320 | _aБиблиогр.: с. 147-151 | ||
| 700 | 1 |
_aОпимахов _bП.А. _f1871- _gПатрикий Александрович |
|
| 801 | 0 |
_aRU _bNLR _gpsbo |
|
| 801 | 0 |
_aRU _bRuMoRGB _2psbo |
|
| 801 | 1 |
_aRU _bProSoft-M _2rusmarc |
|
| 852 |
_aNLR _j17.126.1.3(50) |
||
| 899 |
_aRuMoRGB _jA 323/756 |
||
| 899 |
_aRuMoRGB _jA 291/244 |
||
| 899 | _aБАН | ||
| 942 | _cBOOK | ||
| 980 | _aNB | ||